| 000 | 00539nam a22001937a 4500 | ||
|---|---|---|---|
| 005 | 20251108175405.0 | ||
| 008 | 250721s2013 xx 000 0 ara d | ||
| 082 | 1 | 4 | _a923.1/كما |
| 100 | 1 | _aكمال، ايهاب | |
| 245 | 1 | 0 | _aالملك فاروق الأول أخر ملوك مصر / |
| 264 | 1 |
_aالعتبة : _bدار الخلود، _c2013. |
|
| 300 | _a350 ص. | ||
| 650 | 1 | 7 | _aالتراجم |
| 650 | 1 | 7 | _aرؤساء الدول |
| 650 | 1 | 7 | _aمصر |
| 650 | 1 | 7 | _aتاريخ مصر |
| 942 |
_2ddc _cBK |
||
| 999 |
_c133005 _d133005 |
||